01573nam a2200373 a 4500001001200000003000800012006001900020007001500039008004100054010001700095020003500112020003800147020001800185040002100203035002100224050002500245082001600270100002400286245021300310260004100523300002500564490006300589504005100652533015200703650002800855655002900883700002100912700003500933700002500968700002600993710001701019830003701036856012601073ebr10235098CaPaEBRm u cr cn|||||||||060816s2007 nyua sb 001 0 eng d z 2006026768 z1932603573 (pbk. : alk. paper) z9781932603576 (pbk. : alk. paper) z9781934559765 aCaPaEBRcCaPaEBR a(OCoLC)56824477414aRC548.5b.B83 2007eb04a616.8/42221 aBuchfuhrer, Mark J.10aRestless legs syndromeh[electronic resource] :bcoping with your sleepless nights /cMark J. Buchfuhrer, Wayne A. Hening, Clete A. Kushida ; with contributions from Ann. E. Battenfield, Karla M. Dzienkowski. aNew York :bDemos/AAN Press,cc2007. axvii, 255 p. :bill.1 aAmerican Academy of Neurology (AAN) quality of life guides aIncludes bibliographical references and index. aElectronic reproduction.bPalo Alto, Calif. :cebrary,d2013.nAvailable via World Wide Web.nAccess may be limited to ebrary affiliated libraries. 0aRestless legs syndrome. 7aElectronic books.2local1 aHening, Wayne A.1 aKushida, Clete Anthony,d1960-1 aBattenfield, Ann. E.1 aDzienkowski, Karla M.2 aebrary, Inc. 0aAAN Press quality of life guide.40uhttp://site.ebrary.com/lib/rucke/Doc?id=10235098zAn electronic book accessible through the World Wide Web; click to view